[Event "DVM U16 2018"]
[Site "Aurich GER"]
[Date "2018.12.28"]
[Round "4"]
[White "Prieb, Robert"]
[Black "Hundrieser, Malte"]
[Result "0-1"]
[Termination "normal"]
[Board "1.4"]
[WhiteTitle "CM"]
[WhiteElo "1802"]
[BlackElo "1988"]
[WhiteClock "00:03:47"]
[BlackClock "00:06:06"]
[WhiteTeam "SG Bochum"]
[BlackTeam "Reideburger SV 90 Halle"]
[PlyCount "70"]
[WhiteFideId "16212002"]
[BlackFideId "12997153"]
[EventCountry "GER"]
[EventRounds "7"]
[EventType "team-swiss"]
[EventDate "2018.12.26"]

1. d4 {[%clk 01:30:56]} {[%emt 00:00:04]} Nf6 {[%clk 01:30:54]} {[%emt
00:00:07]} 2. c4 {[%clk 01:31:13]} {[%emt 00:00:13]} e6 {[%clk 01:31:10]}
{[%emt 00:00:14]} 3. Nc3 {[%clk 01:31:20]} {[%emt 00:00:23]} Bb4 {[%clk
01:31:27]} {[%emt 00:00:12]} 4. Qc2 {[%clk 01:31:27]} {[%emt 00:00:23]} d5
{[%clk 01:31:29]} {[%emt 00:00:28]} 5. cxd5 {[%clk 01:29:53]} {[%emt 00:01:34]}
exd5 {[%clk 01:31:00]} {[%emt 00:01:00]} 6. Bg5 {[%clk 01:29:22]} {[%emt
00:01:31]} O-O {[%clk 01:30:16]} {[%emt 00:01:14]} 7. Nf3 {[%clk 01:28:35]}
{[%emt 00:01:16]} b6 {[%clk 01:26:08]} {[%emt 00:04:38]} 8. e3 {[%clk
01:26:59]} {[%emt 00:02:06]} Bb7 {[%clk 01:25:59]} {[%emt 00:00:40]} 9. a3
{[%clk 01:24:46]} {[%emt 00:02:44]} Be7 {[%clk 01:23:44]} {[%emt 00:02:44]} 10.
Bd3 {[%clk 01:22:48]} {[%emt 00:02:28]} h6 {[%clk 01:23:22]} {[%emt 00:00:51]}
11. Bh4 {[%clk 01:22:17]} {[%emt 00:01:01]} Nbd7 {[%clk 01:22:27]} {[%emt
00:01:26]} 12. O-O {[%clk 01:20:59]} {[%emt 00:01:47]} Rc8 {[%clk 01:19:41]}
{[%emt 00:03:15]} 13. Rac1 {[%clk 01:16:11]} {[%emt 00:05:19]} c5 {[%clk
01:14:37]} {[%emt 00:05:34]} 14. Qb1 {[%clk 01:07:34]} {[%emt 00:09:09]} Re8
{[%clk 01:08:40]} {[%emt 00:06:24]} 15. Rfd1 {[%clk 01:05:00]} {[%emt
00:03:05]} a6 {[%clk 01:05:37]} {[%emt 00:03:34]} 16. dxc5 {[%clk 00:58:06]}
{[%emt 00:07:23]} bxc5 {[%clk 01:04:15]} {[%emt 00:01:53]} 17. Bc2 {[%clk
00:56:38]} {[%emt 00:01:58]} Qa5 {[%clk 00:57:58]} {[%emt 00:06:46]} 18. h3
{[%clk 00:49:27]} {[%emt 00:07:42]} Bd6 {[%clk 00:47:38]} {[%emt 00:10:50]} 19.
Bxf6 {[%clk 00:46:17]} {[%emt 00:03:40]} Nxf6 {[%clk 00:47:47]} {[%emt
00:00:21]} 20. Bb3 {[%clk 00:46:30]} {[%emt 00:00:17]} d4 {[%clk 00:23:11]}
{[%emt 00:25:06]} 21. Qa2 {[%clk 00:29:53]} {[%emt 00:17:07]} Qc7 {[%clk
00:16:44]} {[%emt 00:06:56]} 22. exd4 {[%clk 00:22:27]} {[%emt 00:07:57]} Bxf3
{[%clk 00:16:45]} {[%emt 00:00:28]} 23. gxf3 {[%clk 00:22:43]} {[%emt
00:00:14]} c4 {[%clk 00:15:42]} {[%emt 00:01:34]} 24. Ba4 {[%clk 00:20:39]}
{[%emt 00:02:33]} Re7 {[%clk 00:14:06]} {[%emt 00:02:06]} 25. b3 {[%clk
00:17:44]} {[%emt 00:03:26]} Bf4 {[%clk 00:09:46]} {[%emt 00:04:50]} 26. Rc2
{[%clk 00:17:26]} {[%emt 00:00:49]} Qa5 {[%clk 00:09:10]} {[%emt 00:01:05]} 27.
Ne2 {[%clk 00:13:38]} {[%emt 00:04:18]} Qg5+ {[%clk 00:07:14]} {[%emt
00:02:26]} 28. Kf1 {[%clk 00:13:09]} {[%emt 00:00:59]} Nh5 {[%clk 00:05:34]}
{[%emt 00:02:10]} 29. Rxc4 {[%clk 00:11:01]} {[%emt 00:02:38]} Rxc4 {[%clk
00:05:41]} {[%emt 00:00:24]} 30. bxc4 {[%clk 00:11:26]} {[%emt 00:00:05]} Bh2
{[%clk 00:05:27]} {[%emt 00:00:42]} 31. Qd2 {[%clk 00:05:11]} {[%emt 00:06:45]}
Nf4 {[%clk 00:05:12]} {[%emt 00:00:46]} 32. Ng3 {[%clk 00:03:38]} {[%emt
00:02:04]} Bxg3 {[%clk 00:05:17]} {[%emt 00:00:24]} 33. fxg3 {[%clk 00:03:58]}
{[%emt 00:00:10]} Qxg3 {[%clk 00:05:37]} {[%emt 00:00:10]} 34. Qf2 {[%clk
00:03:23]} {[%emt 00:01:05]} Qxh3+ {[%clk 00:05:51]} {[%emt 00:00:16]} 35. Kg1
{[%clk 00:03:47]} {[%emt 00:00:06]} Ne2+ {[%clk 00:06:06]} {[%emt 00:00:15]}
0-1

[Event "DVM U16 2018"]
[Site "Aurich GER"]
[Date "2018.12.28"]
[Round "4"]
[White "Engel, Luis"]
[Black "Nguyen, Alex Dac-Vuong"]
[Result "1-0"]
[Termination "normal"]
[Board "2.1"]
[WhiteTitle "IM"]
[WhiteElo "2466"]
[BlackElo "2201"]
[WhiteClock "00:50:44"]
[BlackClock "01:01:33"]
[WhiteTeam "Hamburger SK"]
[BlackTeam "SG Leipzig"]
[PlyCount "61"]
[WhiteFideId "12961523"]
[BlackFideId "12984388"]
[EventCountry "GER"]
[EventRounds "7"]
[EventType "team-swiss"]
[EventDate "2018.12.26"]

1. e4 {[%clk 01:30:57]} {[%emt 00:00:02]} e6 {[%clk 01:30:55]} {[%emt
00:00:05]} 2. d4 {[%clk 01:31:23]} {[%emt 00:00:04]} d5 {[%clk 01:31:21]}
{[%emt 00:00:04]} 3. Nd2 {[%clk 01:31:48]} {[%emt 00:00:05]} Nf6 {[%clk
01:31:45]} {[%emt 00:00:05]} 4. e5 {[%clk 01:32:13]} {[%emt 00:00:06]} Nfd7
{[%clk 01:32:10]} {[%emt 00:00:05]} 5. Bd3 {[%clk 01:32:38]} {[%emt 00:00:05]}
c5 {[%clk 01:32:35]} {[%emt 00:00:05]} 6. c3 {[%clk 01:33:04]} {[%emt
00:00:04]} Nc6 {[%clk 01:32:57]} {[%emt 00:00:07]} 7. Ne2 {[%clk 01:33:29]}
{[%emt 00:00:06]} cxd4 {[%clk 01:33:22]} {[%emt 00:00:05]} 8. cxd4 {[%clk
01:33:55]} {[%emt 00:00:05]} f6 {[%clk 01:33:46]} {[%emt 00:00:06]} 9. exf6
{[%clk 01:34:16]} {[%emt 00:00:08]} Nxf6 {[%clk 01:34:12]} {[%emt 00:00:04]}
10. O-O {[%clk 01:34:37]} {[%emt 00:00:09]} Bd6 {[%clk 01:34:38]} {[%emt
00:00:04]} 11. Nf3 {[%clk 01:35:02]} {[%emt 00:00:05]} Qc7 {[%clk 01:34:58]}
{[%emt 00:00:09]} 12. h3 {[%clk 01:35:13]} {[%emt 00:00:20]} O-O {[%clk
01:35:09]} {[%emt 00:00:19]} 13. Be3 {[%clk 01:34:43]} {[%emt 00:01:00]} Bd7
{[%clk 01:35:09]} {[%emt 00:00:30]} 14. Re1 {[%clk 01:35:06]} {[%emt 00:00:08]}
Rae8 {[%clk 01:35:25]} {[%emt 00:00:12]} 15. Rc1 {[%clk 01:34:34]} {[%emt
00:01:03]} Qb8 {[%clk 01:35:29]} {[%emt 00:00:27]} 16. Nc3 {[%clk 01:33:31]}
{[%emt 00:01:32]} a6 {[%clk 01:35:46]} {[%emt 00:00:13]} 17. a3 {[%clk
01:31:41]} {[%emt 00:02:20]} b5 {[%clk 01:30:10]} {[%emt 00:06:06]} 18. Rc2
{[%clk 01:17:50]} {[%emt 00:14:21]} b4 {[%clk 01:26:20]} {[%emt 00:04:20]} 19.
Nb1 {[%clk 01:15:15]} {[%emt 00:03:04]} Na5 {[%clk 01:21:59]} {[%emt 00:04:52]}
20. Rce2 {[%clk 01:13:03]} {[%emt 00:02:42]} Bb5 {[%clk 01:21:29]} {[%emt
00:01:00]} 21. axb4 {[%clk 01:11:00]} {[%emt 00:02:33]} Bxb4 {[%clk 01:20:56]}
{[%emt 00:00:33]} 22. Bxb5 {[%clk 01:08:36]} {[%emt 00:02:54]} Qxb5 {[%clk
01:20:44]} {[%emt 00:01:13]} 23. Bd2 {[%clk 01:08:41]} {[%emt 00:00:24]} Ne4
{[%clk 01:19:32]} {[%emt 00:01:43]} 24. Bxb4 {[%clk 01:08:23]} {[%emt
00:00:47]} Qxb4 {[%clk 01:19:58]} {[%emt 00:00:03]} 25. Nbd2 {[%clk 01:03:36]}
{[%emt 00:05:17]} Nxd2 {[%clk 01:19:29]} {[%emt 00:00:59]} 26. Qxd2 {[%clk
01:02:42]} {[%emt 00:01:25]} Qb6 {[%clk 01:19:16]} {[%emt 00:00:43]} 27. Qd3
{[%clk 01:01:10]} {[%emt 00:02:03]} Rf6 {[%clk 01:16:10]} {[%emt 00:03:35]} 28.
Ng5 {[%clk 00:57:51]} {[%emt 00:03:49]} g6 {[%clk 01:15:17]} {[%emt 00:01:22]}
29. Qg3 {[%clk 00:53:36]} {[%emt 00:04:45]} Nc4 {[%clk 01:08:01]} {[%emt
00:07:47]} 30. Qh4 {[%clk 00:51:01]} {[%emt 00:03:06]} h5 {[%clk 01:01:33]}
{[%emt 00:06:57]} 31. Nh7 {[%clk 00:50:44]} {[%emt 00:00:47]} 1-0

[Event "DVM U16 2018"]
[Site "Aurich GER"]
[Date "2018.12.28"]
[Round "4"]
[White "Faßhauer, Jacob"]
[Black "Holinka, Henning"]
[Result "1/2-1/2"]
[Termination "normal"]
[Board "2.2"]
[WhiteElo "2062"]
[BlackElo "2108"]
[WhiteClock "00:30:13"]
[BlackClock "00:25:10"]
[WhiteTeam "SG Leipzig"]
[BlackTeam "Hamburger SK"]
[PlyCount "89"]
[WhiteFideId "12990167"]
[BlackFideId "12967084"]
[EventCountry "GER"]
[EventRounds "7"]
[EventType "team-swiss"]
[EventDate "2018.12.26"]

1. e4 {[%clk 01:30:58]} {[%emt 00:00:01]} g6 {[%clk 01:30:53]} {[%emt
00:00:06]} 2. d4 {[%clk 01:31:22]} {[%emt 00:00:07]} Bg7 {[%clk 01:31:17]}
{[%emt 00:00:06]} 3. Nf3 {[%clk 01:31:28]} {[%emt 00:00:24]} d6 {[%clk
01:31:41]} {[%emt 00:00:07]} 4. c3 {[%clk 01:31:42]} {[%emt 00:00:15]} Nd7
{[%clk 01:31:40]} {[%emt 00:00:31]} 5. Bd3 {[%clk 01:31:47]} {[%emt 00:00:25]}
e5 {[%clk 01:25:53]} {[%emt 00:06:17]} 6. O-O {[%clk 01:31:26]} {[%emt
00:00:51]} Ne7 {[%clk 01:25:25]} {[%emt 00:00:59]} 7. Re1 {[%clk 01:29:48]}
{[%emt 00:02:07]} O-O {[%clk 01:23:55]} {[%emt 00:01:59]} 8. Nbd2 {[%clk
01:19:27]} {[%emt 00:10:51]} b6 {[%clk 01:20:08]} {[%emt 00:04:18]} 9. Nc4
{[%clk 01:13:51]} {[%emt 00:06:07]} Bb7 {[%clk 01:17:28]} {[%emt 00:03:10]} 10.
a4 {[%clk 01:00:29]} {[%emt 00:13:51]} a5 {[%clk 01:14:10]} {[%emt 00:03:48]}
11. h3 {[%clk 00:47:56]} {[%emt 00:13:03]} h6 {[%clk 01:07:10]} {[%emt
00:07:30]} 12. Bc2 {[%clk 00:46:44]} {[%emt 00:01:41]} exd4 {[%clk 01:05:13]}
{[%emt 00:02:28]} 13. Nxd4 {[%clk 00:44:30]} {[%emt 00:02:44]} Nc5 {[%clk
01:02:30]} {[%emt 00:03:12]} 14. Bf4 {[%clk 00:40:32]} {[%emt 00:04:23]} Ne6
{[%clk 01:00:41]} {[%emt 00:02:25]} 15. Be3 {[%clk 00:40:32]} {[%emt 00:00:29]}
d5 {[%clk 00:57:12]} {[%emt 00:04:00]} 16. Nxe6 {[%clk 00:39:39]} {[%emt
00:01:24]} fxe6 {[%clk 00:57:12]} {[%emt 00:00:30]} 17. exd5 {[%clk 00:38:27]}
{[%emt 00:01:42]} exd5 {[%clk 00:55:06]} {[%emt 00:02:35]} 18. Na3 {[%clk
00:38:20]} {[%emt 00:00:36]} Nf5 {[%clk 00:45:04]} {[%emt 00:10:33]} 19. Nb5
{[%clk 00:33:33]} {[%emt 00:05:18]} c5 {[%clk 00:37:51]} {[%emt 00:07:43]} 20.
Qg4 {[%clk 00:29:38]} {[%emt 00:04:20]} Qf6 {[%clk 00:30:37]} {[%emt 00:07:48]}
21. Bf4 {[%clk 00:29:01]} {[%emt 00:01:07]} Rae8 {[%clk 00:15:58]} {[%emt
00:15:09]} 22. Nc7 {[%clk 00:28:21]} {[%emt 00:01:11]} Rxe1+ {[%clk 00:14:13]}
{[%emt 00:02:14]} 23. Rxe1 {[%clk 00:28:48]} {[%emt 00:00:03]} Nd4 {[%clk
00:13:08]} {[%emt 00:01:34]} 24. cxd4 {[%clk 00:24:13]} {[%emt 00:05:06]} Qxf4
{[%clk 00:10:01]} {[%emt 00:03:37]} 25. Qxf4 {[%clk 00:22:23]} {[%emt
00:02:21]} Rxf4 {[%clk 00:10:03]} {[%emt 00:00:27]} 26. Ne6 {[%clk 00:22:24]}
{[%emt 00:00:29]} Rf7 {[%clk 00:03:36]} {[%emt 00:06:57]} 27. dxc5 {[%clk
00:18:58]} {[%emt 00:03:56]} bxc5 {[%clk 00:03:14]} {[%emt 00:00:52]} 28. Nxc5
{[%clk 00:18:28]} {[%emt 00:01:00]} Bd4 {[%clk 00:01:23]} {[%emt 00:02:21]} 29.
Nd3 {[%clk 00:18:53]} {[%emt 00:00:05]} Ba6 {[%clk 00:01:05]} {[%emt 00:00:48]}
30. Rd1 {[%clk 00:16:28]} {[%emt 00:02:55]} Bxd3 {[%clk 00:00:46]} {[%emt
00:00:49]} 31. Rxd3 {[%clk 00:16:57]} {[%emt 00:00:01]} Bxf2+ {[%clk 00:00:51]}
{[%emt 00:00:25]} 32. Kh2 {[%clk 00:17:20]} {[%emt 00:00:06]} Rd7 {[%clk
00:00:42]} {[%emt 00:00:40]} 33. Bb3 {[%clk 00:17:26]} {[%emt 00:00:24]} Kg7
{[%clk 00:00:56]} {[%emt 00:00:16]} 34. Bxd5 {[%clk 00:17:09]} {[%emt
00:00:47]} Bc5 {[%clk 00:00:45]} {[%emt 00:00:41]} 35. b3 {[%clk 00:16:31]}
{[%emt 00:01:08]} Bd6+ {[%clk 00:00:41]} {[%emt 00:00:35]} 36. Kg1 {[%clk
00:16:44]} {[%emt 00:00:08]} Be5 {[%clk 00:00:43]} {[%emt 00:00:36]} 37. Kf2
{[%clk 00:16:26]} {[%emt 00:00:41]} Bf6 {[%clk 00:00:50]} {[%emt 00:00:29]} 38.
Kf3 {[%clk 00:14:48]} {[%emt 00:02:08]} h5 {[%clk 00:00:47]} {[%emt 00:00:34]}
39. Rd1 {[%clk 00:13:47]} {[%emt 00:01:28]} Bc3 {[%clk 00:00:38]} {[%emt
00:00:42]} 40. Ke4 {[%clk 00:13:50]} {[%emt 00:00:25]} Bb4 {[%clk 00:00:42]}
{[%emt 00:00:29]} 41. Rf1 {[%clk 00:10:42]} {[%emt 00:03:33]} Re7+ {[%clk
00:27:23]} {[%emt 00:04:23]} 42. Kd4 {[%clk 00:38:25]} {[%emt 00:03:44]} Rc7
{[%clk 00:26:16]} {[%emt 00:01:41]} 43. Ke5 {[%clk 00:34:20]} {[%emt 00:04:24]}
Re7+ {[%clk 00:25:43]} {[%emt 00:01:13]} 44. Be6 {[%clk 00:32:06]} {[%emt
00:02:44]} Rc7 {[%clk 00:25:10]} {[%emt 00:01:03]} 45. Bc4 {[%clk 00:30:13]}
{[%emt 00:02:23]} 1/2-1/2

[Event "DVM U16 2018"]
[Site "Aurich GER"]
[Date "2018.12.28"]
[Round "4"]
[White "Engel, Robert"]
[Black "Haufe, Laurin"]
[Result "0-1"]
[Termination "normal"]
[Board "2.3"]
[WhiteElo "2071"]
[BlackElo "1966"]
[WhiteClock "00:13:08"]
[BlackClock "00:33:13"]
[WhiteTeam "Hamburger SK"]
[BlackTeam "SG Leipzig"]
[PlyCount "118"]
[WhiteFideId "12974684"]
[BlackFideId "12976504"]
[EventCountry "GER"]
[EventRounds "7"]
[EventType "team-swiss"]
[EventDate "2018.12.26"]

1. e4 {[%clk 01:30:58]} c5 {[%clk 01:30:52]} {[%emt 00:00:08]} 2. Nf3 {[%clk
01:31:25]} {[%emt 00:00:03]} d6 {[%clk 01:31:19]} {[%emt 00:00:04]} 3. Bb5+
{[%clk 01:31:50]} {[%emt 00:00:05]} Bd7 {[%clk 01:31:40]} {[%emt 00:00:10]} 4.
Bxd7+ {[%clk 01:32:15]} {[%emt 00:00:04]} Qxd7 {[%clk 01:32:03]} {[%emt
00:00:07]} 5. c4 {[%clk 01:32:42]} {[%emt 00:00:04]} Nc6 {[%clk 01:32:10]}
{[%emt 00:00:23]} 6. d4 {[%clk 01:33:07]} {[%emt 00:00:05]} cxd4 {[%clk
01:32:33]} {[%emt 00:00:06]} 7. Nxd4 {[%clk 01:33:36]} Nf6 {[%clk 01:32:41]}
{[%emt 00:00:21]} 8. Nc3 {[%clk 01:33:40]} {[%emt 00:00:27]} e6 {[%clk
01:31:32]} {[%emt 00:01:39]} 9. O-O {[%clk 01:33:27]} {[%emt 00:00:43]} Be7
{[%clk 01:31:41]} {[%emt 00:00:21]} 10. Be3 {[%clk 01:32:18]} {[%emt 00:01:38]}
O-O {[%clk 01:29:49]} {[%emt 00:02:23]} 11. f3 {[%clk 01:32:11]} {[%emt
00:00:37]} Rfd8 {[%clk 01:29:13]} {[%emt 00:01:06]} 12. Qe2 {[%clk 01:24:49]}
{[%emt 00:07:51]} Rac8 {[%clk 01:21:35]} {[%emt 00:08:09]} 13. Rfd1 {[%clk
01:22:56]} {[%emt 00:02:24]} Qc7 {[%clk 01:20:58]} {[%emt 00:01:06]} 14. Rac1
{[%clk 01:15:59]} {[%emt 00:07:27]} Nxd4 {[%clk 01:18:41]} {[%emt 00:02:47]}
15. Rxd4 {[%clk 01:15:18]} {[%emt 00:01:10]} Ne8 {[%clk 01:15:57]} {[%emt
00:03:15]} 16. b3 {[%clk 01:13:05]} {[%emt 00:02:44]} Bf6 {[%clk 01:14:15]}
{[%emt 00:02:11]} 17. Rd3 {[%clk 01:10:41]} {[%emt 00:02:53]} a6 {[%clk
01:09:53]} {[%emt 00:04:53]} 18. Na4 {[%clk 01:07:20]} {[%emt 00:03:51]} Qb8
{[%clk 01:08:44]} {[%emt 00:01:39]} 19. Nb6 {[%clk 01:06:19]} {[%emt 00:01:31]}
Rc6 {[%clk 01:08:45]} {[%emt 00:00:29]} 20. Rcd1 {[%clk 00:59:49]} {[%emt
00:06:59]} Nc7 {[%clk 01:04:17]} {[%emt 00:04:59]} 21. Qf2 {[%clk 00:45:47]}
{[%emt 00:14:33]} Na8 {[%clk 01:02:55]} {[%emt 00:01:51]} 22. f4 {[%clk
00:43:17]} {[%emt 00:03:01]} Qc7 {[%clk 00:59:02]} {[%emt 00:04:22]} 23. Nxa8
{[%clk 00:42:56]} {[%emt 00:00:51]} Rxa8 {[%clk 00:59:25]} {[%emt 00:00:06]}
24. e5 {[%clk 00:37:13]} {[%emt 00:06:14]} Be7 {[%clk 00:58:23]} {[%emt
00:01:32]} 25. f5 {[%clk 00:30:57]} {[%emt 00:06:45]} dxe5 {[%clk 00:56:20]}
{[%emt 00:02:34]} 26. Qd2 {[%clk 00:28:19]} {[%emt 00:03:09]} Qc8 {[%clk
00:50:23]} {[%emt 00:06:26]} 27. Rd7 {[%clk 00:26:39]} {[%emt 00:02:09]} Bf8
{[%clk 00:46:40]} {[%emt 00:04:14]} 28. Qa5 {[%clk 00:23:03]} {[%emt 00:04:06]}
Qe8 {[%clk 00:44:35]} {[%emt 00:02:34]} 29. fxe6 {[%clk 00:20:17]} {[%emt
00:03:17]} Qxe6 {[%clk 00:43:15]} {[%emt 00:01:49]} 30. Rxb7 {[%clk 00:20:25]}
{[%emt 00:00:23]} Rd6 {[%clk 00:43:13]} {[%emt 00:00:32]} 31. Rf1 {[%clk
00:20:40]} {[%emt 00:00:16]} f6 {[%clk 00:41:47]} {[%emt 00:01:55]} 32. Bc5
{[%clk 00:18:34]} {[%emt 00:02:36]} Rc6 {[%clk 00:37:37]} {[%emt 00:04:40]} 33.
Be3 {[%clk 00:17:46]} {[%emt 00:01:18]} Rd6 {[%clk 00:37:26]} {[%emt 00:00:41]}
34. Rb6 {[%clk 00:17:40]} {[%emt 00:00:36]} Rxb6 {[%clk 00:33:13]} {[%emt
00:04:43]} 35. Qxb6 {[%clk 00:17:59]} {[%emt 00:00:12]} Qd7 {[%clk 00:31:59]}
{[%emt 00:01:43]} 36. c5 {[%clk 00:16:05]} {[%emt 00:02:24]} Rc8 {[%clk
00:28:03]} {[%emt 00:04:26]} 37. Rc1 {[%clk 00:15:22]} {[%emt 00:01:12]} Rc6
{[%clk 00:27:56]} {[%emt 00:00:37]} 38. Qb4 {[%clk 00:15:42]} {[%emt 00:00:11]}
Qd5 {[%clk 00:27:04]} {[%emt 00:01:22]} 39. Qc4 {[%clk 00:13:39]} {[%emt
00:02:34]} Qxc4 {[%clk 00:27:21]} 40. Rxc4 {[%clk 00:14:08]} Kf7 {[%clk
00:27:40]} {[%emt 00:00:12]} 41. b4 {[%clk 00:13:29]} {[%emt 00:01:08]} Ke6
{[%clk 00:27:35]} {[%emt 00:00:35]} 42. Kf2 {[%clk 00:11:22]} {[%emt 00:02:38]}
Kd5 {[%clk 00:26:47]} {[%emt 00:01:18]} 43. Rc2 {[%clk 00:11:43]} {[%emt
00:00:09]} f5 {[%clk 00:25:50]} {[%emt 00:01:27]} 44. Ke2 {[%clk 00:08:10]}
{[%emt 00:04:04]} Be7 {[%clk 00:24:30]} {[%emt 00:01:49]} 45. a4 {[%clk
00:04:02]} {[%emt 00:04:37]} Rc7 {[%clk 00:24:14]} {[%emt 00:00:46]} 46. g3
{[%clk 00:26:12]} {[%emt 00:08:51]} g5 {[%clk 00:52:09]} {[%emt 00:03:05]} 47.
Kf3 {[%clk 00:25:15]} {[%emt 00:01:27]} f4 {[%clk 00:48:27]} {[%emt 00:04:12]}
48. gxf4 {[%clk 00:25:32]} {[%emt 00:00:13]} gxf4 {[%clk 00:48:48]} {[%emt
00:00:09]} 49. Bf2 {[%clk 00:25:20]} {[%emt 00:00:43]} h5 {[%clk 00:45:55]}
{[%emt 00:03:23]} 50. Be1 {[%clk 00:24:49]} {[%emt 00:01:01]} a5 {[%clk
00:43:05]} {[%emt 00:03:20]} 51. Rd2+ {[%clk 00:24:48]} {[%emt 00:00:31]} Ke6
{[%clk 00:42:57]} {[%emt 00:00:37]} 52. b5 {[%clk 00:21:51]} {[%emt 00:03:28]}
Bxc5 {[%clk 00:35:44]} {[%emt 00:07:43]} 53. Rc2 {[%clk 00:22:20]} {[%emt
00:00:01]} Kd5 {[%clk 00:34:44]} {[%emt 00:01:29]} 54. Bxa5 {[%clk 00:20:11]}
{[%emt 00:02:39]} e4+ {[%clk 00:33:35]} {[%emt 00:01:39]} 55. Ke2 {[%clk
00:20:10]} {[%emt 00:00:31]} f3+ {[%clk 00:33:46]} {[%emt 00:00:19]} 56. Kd1
{[%clk 00:18:38]} {[%emt 00:02:02]} Ra7 {[%clk 00:32:15]} {[%emt 00:02:01]} 57.
b6 {[%clk 00:12:22]} {[%emt 00:06:46]} Rxa5 {[%clk 00:32:23]} {[%emt 00:00:23]}
58. Rxc5+ {[%clk 00:12:44]} {[%emt 00:00:07]} Rxc5 {[%clk 00:32:47]} {[%emt
00:00:05]} 59. b7 {[%clk 00:13:08]} {[%emt 00:00:07]} f2 {[%clk 00:33:13]}
{[%emt 00:00:04]} 0-1

[Event "DVM U16 2018"]
[Site "Aurich GER"]
[Date "2018.12.28"]
[Round "4"]
[White "Enxing, Philemon"]
[Black "Foo, Tzun Hong"]
[Result "1-0"]
[Termination "normal"]
[Board "2.4"]
[WhiteElo "1805"]
[BlackElo "1896"]
[WhiteClock "00:13:54"]
[BlackClock "00:00:38"]
[WhiteTeam "SG Leipzig"]
[BlackTeam "Hamburger SK"]
[PlyCount "70"]
[WhiteFideId "16217632"]
[BlackFideId "12974200"]
[EventCountry "GER"]
[EventRounds "7"]
[EventType "team-swiss"]
[EventDate "2018.12.26"]

1. e4 {[%clk 01:30:58]} c5 {[%clk 01:30:54]} {[%emt 00:00:07]} 2. c3 {[%clk
01:31:24]} {[%emt 00:00:05]} Nf6 {[%clk 01:31:17]} {[%emt 00:00:06]} 3. e5
{[%emt 00:00:11]} Nd5 {[%clk 01:31:42]} {[%emt 00:00:02]} 4. d4 {[%emt
00:00:36]} cxd4 {[%clk 01:31:40]} {[%emt 00:00:03]} 5. cxd4 {[%clk 01:32:09]}
{[%emt 00:00:30]} d6 {[%clk 01:31:00]} {[%emt 00:01:11]} 6. Nf3 {[%clk
01:32:24]} {[%emt 00:00:15]} e6 {[%clk 01:30:04]} {[%emt 00:01:26]} 7. Bc4
{[%clk 01:32:22]} {[%emt 00:00:31]} Nc6 {[%clk 01:28:57]} {[%emt 00:01:37]} 8.
Qe2 {[%clk 01:32:26]} {[%emt 00:00:27]} dxe5 {[%clk 01:23:39]} {[%emt
00:05:48]} 9. dxe5 {[%clk 01:32:04]} {[%emt 00:00:52]} Bb4+ {[%clk 01:23:34]}
{[%emt 00:00:34]} 10. Bd2 {[%clk 01:23:25]} {[%emt 00:09:09]} O-O {[%clk
00:59:55]} {[%emt 00:24:09]} 11. O-O {[%clk 01:16:33]} {[%emt 00:07:21]} a6
{[%clk 00:49:06]} {[%emt 00:11:20]} 12. Nc3 {[%clk 01:14:18]} {[%emt 00:02:46]}
b5 {[%clk 00:44:25]} {[%emt 00:05:10]} 13. Bd3 {[%clk 01:13:11]} {[%emt
00:01:37]} Bxc3 {[%clk 00:38:42]} {[%emt 00:06:13]} 14. bxc3 {[%clk 01:12:54]}
{[%emt 00:00:46]} Qc7 {[%clk 00:37:34]} {[%emt 00:01:39]} 15. Rfe1 {[%clk
01:03:39]} {[%emt 00:09:46]} Re8 {[%clk 00:30:09]} {[%emt 00:07:55]} 16. Ng5
{[%clk 00:37:19]} {[%emt 00:26:49]} f5 {[%clk 00:24:07]} {[%emt 00:06:32]} 17.
Nxh7 {[%clk 00:34:27]} {[%emt 00:03:22]} Bb7 {[%clk 00:23:03]} {[%emt
00:01:33]} 18. Ng5 {[%clk 00:29:47]} {[%emt 00:05:11]} g6 {[%clk 00:18:40]}
{[%emt 00:04:53]} 19. c4 {[%emt 00:02:51]} Nd4 {[%emt 00:02:51]} 20. Qd1 {[%emt
00:00:44]} bxc4 {[%clk 00:18:01]} 21. Rc1 {[%clk 00:21:13]} {[%emt 00:05:18]}
c3 {[%clk 00:17:01]} {[%emt 00:01:30]} 22. Be3 {[%clk 00:19:23]} {[%emt
00:02:19]} Nb5 {[%clk 00:07:16]} {[%emt 00:10:15]} 23. a4 {[%clk 00:19:01]}
{[%emt 00:00:52]} Na3 {[%clk 00:07:13]} {[%emt 00:00:33]} 24. Qb3 {[%clk
00:18:49]} {[%emt 00:00:43]} Qc6 {[%clk 00:04:43]} {[%emt 00:02:59]} 25. Nf3
{[%clk 00:18:05]} {[%emt 00:01:14]} Qd7 {[%clk 00:02:50]} {[%emt 00:02:23]} 26.
Bf1 {[%clk 00:14:55]} {[%emt 00:03:40]} Nxe3 {[%clk 00:01:41]} {[%emt
00:01:40]} 27. Rxe3 {[%clk 00:14:09]} {[%emt 00:01:16]} Bxf3 {[%clk 00:01:05]}
{[%emt 00:01:05]} 28. Rxf3 {[%clk 00:13:46]} {[%emt 00:00:53]} c2 {[%clk
00:01:11]} {[%emt 00:00:25]} 29. Qxa3 {[%clk 00:13:38]} {[%emt 00:00:37]} Qd1
{[%clk 00:00:32]} {[%emt 00:01:09]} 30. Rd3 {[%clk 00:13:25]} {[%emt 00:00:44]}
Qh5 {[%clk 00:00:33]} {[%emt 00:00:26]} 31. Rxc2 {[%clk 00:13:32]} {[%emt
00:00:25]} Rac8 {[%clk 00:00:33]} {[%emt 00:00:30]} 32. Rxc8 {[%clk 00:13:07]}
{[%emt 00:00:54]} Rxc8 {[%clk 00:00:59]} {[%emt 00:00:05]} 33. Rc3 {[%clk
00:13:26]} {[%emt 00:00:11]} Rb8 {[%clk 00:00:40]} {[%emt 00:00:49]} 34. Qc1
{[%clk 00:13:37]} {[%emt 00:00:18]} Rf8 {[%clk 00:00:31]} {[%emt 00:00:40]} 35.
Rc8 {[%clk 00:13:54]} {[%emt 00:00:13]} Qh6 {[%clk 00:00:38]} {[%emt 00:00:23]}
1-0